|
|
|
|
| LEADER |
02151nam a2200589 4500 |
| 001 |
ocn921887858 |
| 003 |
OCoLC |
| 005 |
20170124071239.3 |
| 006 |
m o d |
| 007 |
cr cnu|||unuuu |
| 008 |
150922t20152016dcu ob 001 0 eng d |
| 040 |
|
|
|a N$T
|b eng
|e rda
|e pn
|c N$T
|d N$T
|d IDEBK
|d YDXCP
|d UIU
|d DG1
|d OCLCF
|d CDX
|d IYU
|d RECBK
|d KSU
|d GrThAP
|
| 019 |
|
|
|a 922166366
|
| 020 |
|
|
|a 9781118888940
|q electronic bk.
|
| 020 |
|
|
|a 1118888944
|q electronic bk.
|
| 020 |
|
|
|a 9781118888865
|q electronic bk.
|
| 020 |
|
|
|a 1118888863
|q electronic bk.
|
| 020 |
|
|
|z 9781118888858
|
| 020 |
|
|
|z 1118888855
|
| 029 |
1 |
|
|a CHVBK
|b 341520535
|
| 029 |
1 |
|
|a CHBIS
|b 010542874
|
| 029 |
1 |
|
|a DEBBG
|b BV043398034
|
| 035 |
|
|
|a (OCoLC)921887858
|z (OCoLC)922166366
|
| 050 |
|
4 |
|a QE511.46
|
| 072 |
|
7 |
|a SCI
|x 030000
|2 bisacsh
|
| 072 |
|
7 |
|a SCI
|x 031000
|2 bisacsh
|
| 082 |
0 |
4 |
|a 551.136
|2 23
|
| 049 |
|
|
|a MAIN
|
| 245 |
0 |
0 |
|a Subduction dynamics :
|b from mantle flow to mega disasters /
|c Gabriele Morra, David A. Yuen, Scott D. King, Sang-Mook Lee and Seth Stein editors.
|
| 264 |
|
1 |
|a Washington, D.C. :
|b American Geophysical Union ;
|a Hoboken, New Jersey :
|b Wiley,
|c [2015].
|
| 264 |
|
4 |
|c ©2016
|
| 300 |
|
|
|a 1 online resource.
|
| 336 |
|
|
|a text
|b txt
|2 rdacontent
|
| 337 |
|
|
|a computer
|b c
|2 rdamedia
|
| 338 |
|
|
|a online resource
|b cr
|2 rdacarrier
|
| 490 |
1 |
|
|a Geophysical monograph ;
|v 211
|
| 504 |
|
|
|a Includes bibliographical references and index.
|
| 588 |
0 |
|
|a Vendor-supplied metadata.
|
| 650 |
|
0 |
|a Subduction zones.
|
| 650 |
|
7 |
|a SCIENCE / Earth Sciences / Geography
|2 bisacsh
|
| 650 |
|
7 |
|a SCIENCE / Earth Sciences / Geology
|2 bisacsh
|
| 650 |
|
7 |
|a Subduction zones.
|2 fast
|0 (OCoLC)fst01136435
|
| 655 |
|
4 |
|a Electronic books.
|
| 700 |
1 |
|
|a Morra, Gabriele,
|e editor.
|
| 700 |
1 |
|
|a Yuen, David A.,
|e editor.
|
| 700 |
1 |
|
|a King, Scott D.,
|e editor.
|
| 700 |
1 |
|
|a Lee, Sang-Mook,
|e editor.
|
| 700 |
1 |
|
|a Stein, Seth,
|e editor.
|
| 776 |
0 |
8 |
|i Print version:
|z 9781118888858
|z 1118888855
|w (OCoLC)898924085
|
| 830 |
|
0 |
|a Geophysical monograph ;
|v 211.
|
| 856 |
4 |
0 |
|u https://doi.org/10.1002/9781118888865
|z Full Text via HEAL-Link
|
| 994 |
|
|
|a 92
|b DG1
|